000 00578nam a22002057a 4500
003 OSt
005 20210421053618.0
008 201214s1979 ||||| |||| 00| 0 eng d
020 _a0060906626
040 _aeng
_beng
_cDLC
_deng
041 _aeng
080 _a821.111
_bW-63
100 _9481
_aWhite, B. E
245 _aEssays of E. B. White
_c/ by: Harper Colophon Books
260 _aNew York
_bHarper Colophon Books
_c1979
300 _a277 p.
650 0 _9254
_aEnglish literature
653 _aინგლისური ლიტერატურა
942 _2udc
_cBK
999 _c591
_d591